000 00379nam a2200169Ia 4500
003 IT-RoPAU
005 20220918175355.0
008 120407s9999 xx 000 0 und d
040 _aIT-RoPAU
040 _cIT-RoPAU
100 _aCornelio Fabro
_934223
245 _aLe prove dell'esistenza di Dio
260 _aLa Scuola
300 _c cm
490 _v1
942 _cBK
_2ddc
999 _c7271
_d7271